000 00937nam a2200253 i 4500
001 bg
245 1 0 _aWspółczesne tendencje w zarządzaniu - teoria i praktyka /
_cpod red. Arkadiusza Potockiego ; Wyższa Szkoła Przedsiębiorczości i Marketingu.
260 _aChrzanów :
_bWyższa Szkoła Przedsiębiorczości i Marketingu,
_c2000.
300 _a341 s. :
_brys. ;
_c24 cm.
500 _aMateriały z konferencji zorg. 28 czerwca 2000 r. - Streszcz ang. przy ref.
650 9 _aGlobalizacja
650 9 _aIntegracja europejska
_xgospodarka
650 9 _aZarządzanie
655 _aMateriały konferencyjne
700 1 _aPOTOCKI, Arkadiusz.
_eRed.
710 0 _aWyższa Szkoła Przedsiębiorczości i Marketingu (Chrzanów)
020 _a8390764830
040 _cBPK
041 0 _apol
_beng
080 _a65.012:339.92](4-67)(061)
920 _a83-907648-3-0
942 _cKS
008 s pl f |000 0 pol
999 _c52453
_d52453
856 _uhttp://koha.tu.koszalin.pl/cgi-bin/koha/opac-detail.pl?biblionumber=52453
_yKatalog online BPK